<?xml version="1.0" encoding="UTF-8"?>
<record
    xmlns:xsi="http://www.w3.org/2001/XMLSchema-instance"
    xsi:schemaLocation="http://www.loc.gov/MARC21/slim http://www.loc.gov/standards/marcxml/schema/MARC21slim.xsd"
    xmlns="http://www.loc.gov/MARC21/slim">

  <leader>01093cam a2200325 i 4500</leader>
  <controlfield tag="001">22131666</controlfield>
  <controlfield tag="003">OSt</controlfield>
  <controlfield tag="005">20240103145027.0</controlfield>
  <controlfield tag="008">210714s2019    ke a          000 0 bnt  </controlfield>
  <datafield tag="010" ind1=" " ind2=" ">
    <subfield code="a">  2021315417</subfield>
  </datafield>
  <datafield tag="020" ind1=" " ind2=" ">
    <subfield code="a">9789966483591</subfield>
  </datafield>
  <datafield tag="040" ind1=" " ind2=" ">
    <subfield code="a">DLC</subfield>
    <subfield code="b">eng</subfield>
    <subfield code="e">rda</subfield>
    <subfield code="c">DLC</subfield>
  </datafield>
  <datafield tag="042" ind1=" " ind2=" ">
    <subfield code="a">pcc</subfield>
    <subfield code="a">lcode</subfield>
  </datafield>
  <datafield tag="050" ind1="0" ind2="0">
    <subfield code="a">BS325</subfield>
    <subfield code="b">.S225 2019</subfield>
  </datafield>
  <datafield tag="130" ind1="0" ind2=" ">
    <subfield code="a">Bible.</subfield>
    <subfield code="l">Saamia.</subfield>
    <subfield code="f">2019.</subfield>
    <subfield code="9">55776</subfield>
  </datafield>
  <datafield tag="245" ind1="0" ind2="0">
    <subfield code="a">Ebbaibbo :</subfield>
    <subfield code="b">emboosi ya Nasaae </subfield>
  </datafield>
  <datafield tag="246" ind1="1" ind2="4">
    <subfield code="a">Ebbaibbo :</subfield>
    <subfield code="b">emboosi ya Nasaae </subfield>
  </datafield>
  <datafield tag="260" ind1=" " ind2=" ">
    <subfield code="a">Nairobi : </subfield>
    <subfield code="b">Bible Society of Kenya,</subfield>
  </datafield>
  <datafield tag="260" ind1=" " ind2=" ">
    <subfield code="a">Kamplala : </subfield>
    <subfield code="b">Bible Society of Uganda, </subfield>
    <subfield code="c">2019.</subfield>
  </datafield>
  <datafield tag="300" ind1=" " ind2=" ">
    <subfield code="a">1129, 370,  pages :</subfield>
    <subfield code="b">illustrations ;</subfield>
    <subfield code="c">22 cm</subfield>
  </datafield>
  <datafield tag="500" ind1=" " ind2=" ">
    <subfield code="a">"The Bible in Lusamia"--Title page verso.
[Africana]</subfield>
  </datafield>
  <datafield tag="546" ind1=" " ind2=" ">
    <subfield code="a">In Saamia.</subfield>
  </datafield>
  <datafield tag="630" ind1=" " ind2=" ">
    <subfield code="a">Bible. </subfield>
    <subfield code="l">Saamia.</subfield>
    <subfield code="9">55801</subfield>
  </datafield>
  <datafield tag="650" ind1=" " ind2="0">
    <subfield code="a">Saamia language</subfield>
    <subfield code="v">Texts.</subfield>
    <subfield code="9">55777</subfield>
  </datafield>
  <datafield tag="710" ind1="2" ind2=" ">
    <subfield code="a">Bible Society of Uganda,</subfield>
    <subfield code="e">issuing body.</subfield>
    <subfield code="9">55778</subfield>
  </datafield>
  <datafield tag="710" ind1="2" ind2=" ">
    <subfield code="a">Bible Society of Kenya,</subfield>
    <subfield code="e">issuing body.</subfield>
    <subfield code="9">55779</subfield>
  </datafield>
  <datafield tag="906" ind1=" " ind2=" ">
    <subfield code="a">7</subfield>
    <subfield code="b">cbc</subfield>
    <subfield code="c">origode</subfield>
    <subfield code="d">3</subfield>
    <subfield code="e">ncip</subfield>
    <subfield code="f">20</subfield>
    <subfield code="g">y-gencatlg</subfield>
  </datafield>
  <datafield tag="942" ind1=" " ind2=" ">
    <subfield code="2">lcc</subfield>
    <subfield code="c">AFR(R)</subfield>
  </datafield>
  <datafield tag="999" ind1=" " ind2=" ">
    <subfield code="c">67802</subfield>
    <subfield code="d">67776</subfield>
  </datafield>
  <datafield tag="952" ind1=" " ind2=" ">
    <subfield code="0">0</subfield>
    <subfield code="1">0</subfield>
    <subfield code="2">lcc</subfield>
    <subfield code="4">0</subfield>
    <subfield code="7">0</subfield>
    <subfield code="8">REF</subfield>
    <subfield code="a">CPL</subfield>
    <subfield code="b">CPL</subfield>
    <subfield code="c">REF</subfield>
    <subfield code="d">2023-10-30</subfield>
    <subfield code="e">Donation - Prof. Robert Priest</subfield>
    <subfield code="g">9.09</subfield>
    <subfield code="l">0</subfield>
    <subfield code="o">REF BS 325.S225 2019</subfield>
    <subfield code="p">T16883W3232</subfield>
    <subfield code="r">2023-12-08 14:19:18</subfield>
    <subfield code="t">1</subfield>
    <subfield code="w">2023-12-08</subfield>
    <subfield code="y">AFR(R)</subfield>
  </datafield>
</record>
